000 00724nam a2200217 a 4500
001 000037746
005 20240412074258.0
008 130305s2012 dr r 000 j spa d
020 _a9789945489170
040 _aDO-SdBNP
_bspa
_cBNPHU
082 _aRD862.44
_bM313s
100 1 _aMarcallé Abreu, Roberto
_9862
245 1 0 _aSábado de sol después de las lluvias /
_cRoberto Marcallé Abreu.
260 _aSanto Domingo :
_bSantuario,
_c2012.
300 _a122 p. ;
_c24 cm.
500 _aIncluye datos biográficos del autor en la solapa de la cubierta
590 _aInventariado, 2019/DG
650 0 _aCuentos dominicanos
_9176
650 0 _aLiteratura dominicana.
_967
910 _aValidado. Control de calidad. MFF
999 _c37236
_d37236